| 000 | 00537nam a2200217Ia 4500 | ||
|---|---|---|---|
| 005 | 20250505124946.0 | ||
| 008 | 008 250505s9999 xx 000 0 eng d | ||
| 037 | _aTextbook | ||
| 040 |
_aLCO _beng _cLCO |
||
| 041 |
_aeng _2eng |
||
| 084 |
_aZ2,12 R1 _qLCO |
||
| 100 | _aSaxena, P.P. | ||
| 245 | 0 |
_aFamily law -1 _c P.P. Saxena |
|
| 250 | _a1st | ||
| 260 |
_aHaryana, India _bLexisNexis _c2021 |
||
| 300 | _a537 | ||
| 365 |
_aINR _b780 |
||
| 650 | _aLaw | ||
| 942 |
_cTB _hZ2,12 R1 |
||
| 999 |
_c1310852 _d1310852 |
||